000
00321nam a2200145Ia 4500
003
OSt
005
20240301103651.0
008
170523s9999 xx 000 0 und d
020
_a
978-9327289732
040
_c
iimtu meerut
100
_a
NAG- NK
245
0
_a
MATHEMATICS
260
_b
KALYANI PUBLICATION
942
_2
ddc
_c
02
999
_c
587
_d
587